Central Library OPAC University of Rajshahi

The youth of Erasmus / (Record no. 24150)

MARC details
000 -LEADER
fixed length control field 01107nam a22003012a 4500
001 - CONTROL NUMBER
control field 24150
003 - CONTROL NUMBER IDENTIFIER
rucl marc code BD-RjUL
005 - DATE AND TIME OF LATEST TRANSACTION
control field 20211209001021.0
008 - FIXED-LENGTH DATA ELEMENTS--GENERAL INFORMATION
fixed length control field 140312r1968 nyuach b 001 0beng d
035 ## - SYSTEM CONTROL NUMBER
System control number (BD-RjUL)24216
040 ## - CATALOGING SOURCE
Original cataloging agency DLC
Transcribing agency DLC
Modifying agency BD-RjUL
Language of cataloging eng
041 ## - LANGUAGE CODE
Language code of text/sound track or separate title eng
082 ## - DEWEY DECIMAL CLASSIFICATION NUMBER
Classification number 199.492
Author mark and year HYY 1968
100 1# - MAIN ENTRY--PERSONAL NAME
Personal name Hyma, Albert,
Dates associated with a name 1893-1978.
9 (RLIN) 74401
245 14 - TITLE STATEMENT
Title The youth of Erasmus /
Statement of responsibility, etc. Albert Hyma.
250 ## - EDITION STATEMENT
Edition statement 2d ed., enl
260 ## - PUBLICATION, DISTRIBUTION, ETC. (IMPRINT)
Place of publication, distribution, etc. New York :
Name of publisher, distributor, etc. Russell & Russell,
Date of publication, distribution, etc. 1968.
300 ## - PHYSICAL DESCRIPTION
Pagination xxii, 402 p. :
Illustrations illus., facsims., port. ;
Size 24 cm
500 ## - GENERAL NOTE
General note "Appendix B, the Book against the barbarians" (p. 239-335), contains two Latin texts of the treatise
504 ## - BIBLIOGRAPHY, ETC. NOTE
Bibliography, etc Bibliography: p. [387]-390
600 10 - SUBJECT ADDED ENTRY--PERSONAL NAME
Personal name Erasmus, Desiderius,
Dates associated with a name -1536
General subdivision Childhood and youth.
610 20 - SUBJECT ADDED ENTRY--CORPORATE NAME
Corporate name or jurisdiction name as entry element Brothers of the Common Life
650 #0 - SUBJECT ADDED ENTRY--TOPICAL TERM
Topical term or geographic name as entry element Authors, Latin (Medieval and modern)
Geographic subdivision Netherlands
General subdivision Biography
9 (RLIN) 74404
Topical term or geographic name as entry element Humanists
Geographic subdivision Netherlands
General subdivision Biography
9 (RLIN) 74405
700 1# - ADDED ENTRY--PERSONAL NAME
Personal name Erasmus, Desiderius,
Dates associated with a name -1536.
942 ## - ADDED ENTRY ELEMENTS (KOHA)
Source of classification or shelving scheme Dewey Decimal Classification
Koha item type Books
Holdings
Lost status Source of classification or shelving scheme Damaged status Not for loan Collection code Permanent Location Current Location Shelving location Date acquired Source of acquisition Total Checkouts Full call number Date last seen Copy number Koha item type
  Dewey Decimal Classification   Added to bundle Non-fiction Central Library, University of Rajshahi Central Library, University of Rajshahi Reading Room 13/07/1985 Asia Foundation   199.492 HYY 1968 12/03/2014 C-1 Books